[Event "NZL-ch 118th"]
[Site "Auckland"]
[Date "2011.01.11"]
[Round "10"]
[White "Watson, Bruce R"]
[Black "Steadman, Michael VR"]
[Result "1-0"]
[WhiteElo "2282"]
[BlackElo "2242"]
[PlyCount "91"]
[EventDate "2011.01.02"]
[EventType "swiss"]
[EventRounds "11"]
[EventCountry "NZL"]
[SourceTitle "CBM 140 Extra"]
[Source "ChessBase"]
[SourceDate "2011.03.01"]
[SourceVersion "1"]
[SourceVersionDate "2011.03.01"]
[SourceQuality "1"]

1. c4 e6 2. Nc3 d5 3. d4 c6 4. e3 Bd6 5. e4 dxe4 6. Nxe4 Bb4+ 7. Bd2 Qxd4 8. Bxb4 Qxe4+ 9. Be2 Na6 10. Bc3 f6 11. Nf3 Ne7 12. 0-0 Qf4 13. Re1 Qc7 14. b4 Bd7 15. Qc2 Kf7 16. Rad1 Rad8 17. c5 Nd5 18. Bxa6 bxa6 19. Nd2 Rhf8 20. Nc4 Kg8 21. Nd6 e5 22. Bd2 Bg4 23. Rb1 Qd7 24. Qc4 Be6 25. Qxa6 Nc7 26. Qa5 Bd5 27. f3 Ne8 28. Be3 Nc7 29. Qa3 Ra8 30. Qb2 a5 31. a4 axb4 32. Qxb4 Ra7 33. a5 h6 34. Ra1 Rfa8 35. f4 Qg4 36. Qd2 exf4 37. Bxf4 Rxa5 38. Rxa5 Rxa5 39. h3 Qg6 40. Nc8 Kh7 41. Ne7 Qxg2+ 42. Qxg2 Bxg2 43. Bxc7 Ra2 44. h4 g5 45. hxg5 hxg5 46. Re6 1-0

[Event "NZL-ch 118th"]
[Site "Auckland"]
[Date "2011.01.10"]
[Round "9"]
[White "Watson, Bruce R"]
[Black "Smith, Robert Wayne"]
[Result "0-1"]
[WhiteElo "2282"]
[BlackElo "2287"]
[PlyCount "178"]
[EventDate "2011.01.02"]
[EventType "swiss"]
[EventRounds "11"]
[EventCountry "NZL"]
[SourceTitle "CBM 140 Extra"]
[Source "ChessBase"]
[SourceDate "2011.03.01"]
[SourceVersion "1"]
[SourceVersionDate "2011.03.01"]
[SourceQuality "1"]

1. c4 Nf6 2. Nc3 g6 3. g3 Bg7 4. Bg2 0-0 5. Nf3 d6 6. 0-0 e5 7. d3 a5 8. Rb1 Nh5 9. a3 f5 10. Ng5 c6 11. f4 h6 12. Nh3 Nd7 13. Bd2 Ndf6 14. Nf2 Kh8 15. Qc1 exf4 16. gxf4 Be6 17. e3 Nd7 18. Ne2 Nc5 19. Bc3 Qe7 20. Bxg7+ Qxg7 21. Qc3 Rfe8 22. Qxg7+ Kxg7 23. b4 axb4 24. axb4 Nxd3 25. Nxd3 Bxc4 26. Nec1 Rxe3 27. Rf3 Rxf3 28. Bxf3 Nf6 29. Nb2 Bd5 30. Bxd5 Nxd5 31. Nc4 Nxf4 32. Nxd6 Rd8 33. Nxb7 Rd1+ 34. Kf2 Rxc1 35. Rxc1 Nd3+ 36. Ke3 Nxc1 37. Nd8 Kf6 38. Nxc6 Ke6 39. h4 Nb3 40. b5 Nc5 41. b6 Nb7 42. Kd4 g5 43. hxg5 hxg5 44. Ne5 f4 45. Nd3 Kf5 46. Kd5 g4 47. Nc5 Nxc5 48. Kxc5 g3 49. b7 g2 50. b8Q g1Q+ 51. Kc4 Qc1+ 52. Kd3 Qd1+ 53. Kc3 Qf3+ 54. Kd2 Qe3+ 55. Kd1 f3 56. Qc8+ Kf4 57. Qc7+ Kg4 58. Qd7+ Kg3 59. Qd6+ Kg2 60. Qc6 Qe2+ 61. Kc1 Kg1 62. Kb1 Qd3+ 63. Ka1 f2 64. Qc5 Qe4 65. Qb6 Qf4 66. Qa7 Qc1+ 67. Ka2 Qc2+ 68. Ka1 Qc3+ 69. Ka2 Qf6 70. Kb1 Qf5+ 71. Ka1 Qe5+ 72. Ka2 Qe2+ 73. Ka1 Qd1+ 74. Ka2 Qg4 75. Qb6 Qc4+ 76. Ka1 Qd3 77. Ka2 Kf1 78. Ka1 Ke1 79. Qa5+ Qd2 80. Qe5+ Qe2 81. Qc3+ Kf1 82. Qc6 Qe5+ 83. Ka2 Kg1 84. Qb6 Kg2 85. Qb7+ Kg3 86. Qb3+ Kh2 87. Qc2 Qe6+ 88. Ka1 Kg2 89. Qd2 Qe5+ 0-1

[Event "NZL-ch 118th"]
[Site "Auckland"]
[Date "2011.01.09"]
[Round "8"]
[White "Bennett, Hilton Petrie"]
[Black "Watson, Bruce R"]
[Result "0-1"]
[WhiteElo "1974"]
[BlackElo "2282"]
[PlyCount "66"]
[EventDate "2011.01.02"]
[EventType "swiss"]
[EventRounds "11"]
[EventCountry "NZL"]
[SourceTitle "CBM 140 Extra"]
[Source "ChessBase"]
[SourceDate "2011.03.01"]
[SourceVersion "1"]
[SourceVersionDate "2011.03.01"]
[SourceQuality "1"]

1. e4 c5 2. Nc3 e6 3. f4 Nc6 4. Nf3 a6 5. Be2 d5 6. d3 g6 7. 0-0 Bg7 8. Qe1 Nge7 9. Kh1 0-0 10. Qg3 Nd4 11. Bd1 b5 12. Ne2 dxe4 13. Nexd4 cxd4 14. dxe4 Bb7 15. Nd2 Rc8 16. Qd3 Qc7 17. Nb3 e5 18. f5 gxf5 19. exf5 e4 20. Qh3 Qe5 21. Bf4 Qxf5 22. Bg4 Qd5 23. Bxc8 Rxc8 24. c3 e3 25. Nxd4 Bxd4 26. Rfd1 Qf5 27. Qg3+ Bg7 28. Bxe3 Qe4 29. Rd4 Nf5 30. Qg5 Qxg2+ 31. Qxg2 Bxg2+ 32. Kxg2 Nxe3+ 33. Kf3 Bxd4 0-1

[Event "NZL-ch 118th"]
[Site "Auckland"]
[Date "2011.01.04"]
[Round "3"]
[White "Watson, Bruce R"]
[Black "Dordevic, Ivan"]
[Result "1-0"]
[WhiteElo "2282"]
[BlackElo "2019"]
[PlyCount "49"]
[EventDate "2011.01.02"]
[EventType "swiss"]
[EventRounds "11"]
[EventCountry "NZL"]
[SourceTitle "CBM 140 Extra"]
[Source "ChessBase"]
[SourceDate "2011.03.01"]
[SourceVersion "1"]
[SourceVersionDate "2011.03.01"]
[SourceQuality "1"]

1. c4 c5 2. Nf3 g6 3. Nc3 Bg7 4. g3 Nc6 5. Bg2 e6 6. d4 cxd4 7. Nb5 d5 8. cxd5 Qa5+ 9. Kf1 Qxb5 10. dxc6 Ne7 11. Nxd4 Qa6 12. cxb7 Bxb7 13. Bxb7 Qxb7 14. Qa4+ Kf8 15. Nf3 e5 16. Be3 Nf5 17. Rd1 Nd4 18. Kg2 Rd8 19. Rd2 Bf6 20. Rhd1 g5 21. Bxd4 exd4 22. Kg1 h5 23. Nxd4 h4 24. Ne6+ fxe6 25. Rxd8+ 1-0

[Event "North Shore op-A"]
[Site "Auckland"]
[Date "2010.10.09"]
[Round "2"]
[White "Watson, Bruce R"]
[Black "Tanoi, Toleafoa E"]
[Result "1-0"]
[WhiteElo "2262"]
[BlackElo "2011"]
[PlyCount "69"]
[EventDate "2010.10.09"]
[EventType "swiss"]
[EventRounds "5"]
[EventCountry "NZL"]
[SourceTitle "EXT 2018"]
[Source "ChessBase"]
[SourceDate "2017.10.13"]
[SourceVersion "1"]
[SourceVersionDate "2017.10.13"]
[SourceQuality "1"]

1. Nf3 d6 2. c4 f5 3. d4 g6 4. Nc3 Bg7 5. g3 Nf6 6. Bg2 c6 7. 0-0 0-0 8. d5 Bd7 9. Rb1 Na6 10. b4 Rc8 11. dxc6 bxc6 12. Qa4 Nc7 13. Qxa7 Ng4 14. Qa3 e5 15. b5 e4 16. Ng5 c5 17. b6 Ne6 18. Nxe6 Bxe6 19. b7 Rb8 20. Nd5 Bxd5 21. cxd5 Qc7 22. Bf4 Rfd8 23. Qa6 h6 24. Rb6 Ne5 25. Rfb1 g5 26. Bxe5 Bxe5 27. Rc6 Qf7 28. Rc8 Qd7 29. Rxd8+ Qxd8 30. e3 Qc7 31. Bf1 f4 32. Qc6 Qxc6 33. dxc6 d5 34. Rb5 Bd6 35. Rxc5 1-0